Fruit and Vegetables (A-Z) II Quiz Stats

 Plays Quiz Updated Jun 1, 2015

Challenge
Share
Tweet
Score 0/18 Timer 04:00
0 Plays Today
Letter Fruit/Vegetable % Correct
OOnion
95.8%
GGarlic
95.4%
PPineapple
95.2%
CCauliflower
94.2%
BBrussels Sprouts
92.2%
RRadishes
89.6%
KKale
88.5%
AArtichoke
87.6%
SSpinach
85%
Letter Fruit/Vegetable % Correct
LLeek
84.8%
TTangerine
81.3%
FFig
76.2%
MMandarins
71.3%
WWatercress
57.5%
EEndive
45.2%
HHuckleberries
33%
DDurian
31.7%
JJicama
30.1%

You're not logged in!

Compare scores with friends on all Sporcle quizzes.
OR
Log In

You Might Also Like...

Show Comments

Extras

Top Quizzes Today


Score Distribution

Your Account Isn't Verified!

In order to create a playlist on Sporcle, you need to verify the email address you used during registration. Go to your Sporcle Settings to finish the process.

Report this User

Report this user for behavior that violates our Community Guidelines.

Details: